Movies Quiz

Random Movies or Disney Quiz

Guess the Disney Lyrics Quiz Stats

 Plays Quiz not verified by Sporcle

Challenge
Share
Tweet
Embed
Score 0/25 Timer 20:00
0 Plays Today
% Correct
a
98.2%
In
56.5%
Where
47.5%
can
47.4%
love
38.8%
this
34%
have
24.5%
Will
24%
our
19.8%
Our
19.8%
our
19.8%
We'll
15.9%
new
11%
% Correct
home
9.4%
home
9.4%
whole
7.1%
dalmatian
6%
Dalmatian
6%
plantation
5.8%
roam
5.8%
plantation
5.8%
plantation
5.8%
population
5%
aggregation
3%
location
2.7%

You're not logged in!

Compare scores with friends on all Sporcle quizzes.
Join for Free
OR
Log In

You Might Also Like...

Show Comments

Extras

Created Dec 27, 2010SourceReportNominate
Tags:Disney Quiz

Top Quizzes Today


Score Distribution

Your Account Isn't Verified!

In order to create a playlist on Sporcle, you need to verify the email address you used during registration. Go to your Sporcle Settings to finish the process.

Report this User

Report this user for behavior that violates our Community Guidelines.

Details: